Kalyan:Varsha-40 Dharmanka (Record no. 345794)

MARC details
000 -LEADER
fixed length control field 003190000a22001450004500
005 - DATE AND TIME OF LATEST TRANSACTION
control field 20120302054510.0
040 ## - CATALOGING SOURCE
Original cataloging agency HIN
245 ## - TITLE STATEMENT
Title Kalyan:Varsha-40 Dharmanka
260 ## - PUBLICATION, DISTRIBUTION, ETC. (IMPRINT)
Place of publication, distribution, etc Gorakhpur:Geeta,1966.
300 ## - PHYSICAL DESCRIPTION
Extent 700p.
650 ## - SUBJECT ADDED ENTRY--TOPICAL TERM
Topical term or geographic name as entry element Sankirna
650 ## - SUBJECT ADDED ENTRY--TOPICAL TERM
Topical term or geographic name as entry element Maasik-Sankirna
650 ## - SUBJECT ADDED ENTRY--TOPICAL TERM
Topical term or geographic name as entry element Upnishada-Anka
942 ## - ADDED ENTRY ELEMENTS (KOHA)
Koha item type Book
Holdings
Withdrawn status Lost status Damaged status Not for loan Home library Current library Date acquired Total Checkouts Barcode Date last seen Price effective from
        Institute For Oriental Study, Thane Institute For Oriental Study, Thane 12/02/2009   IOS-1589 12/02/2009 12/02/2009